KOHA-Header-6

Text Book of Biotechnology (Record no. 1434)

000 -LEADER
fixed length control field 00315nam a2200133Ia 4500
008 - FIXED-LENGTH DATA ELEMENTS--GENERAL INFORMATION
fixed length control field 190723s9999 xx 000 0 und d
020 ## - INTERNATIONAL STANDARD BOOK NUMBER
International Standard Book Number 978-81-265-2651-2
100 ## - MAIN ENTRY--PERSONAL NAME
Personal name H.K.Dass
245 #0 - TITLE STATEMENT
Title Text Book of Biotechnology
250 ## - EDITION STATEMENT
Edition statement 4th
260 ## - PUBLICATION, DISTRIBUTION, ETC. (IMPRINT)
Place of publication, distribution, etc India
Name of publisher, distributor, etc Wiley India
Date of publication, distribution, etc 2016
300 ## - PHYSICAL DESCRIPTION
Extent 1410.:P
942 ## - ADDED ENTRY ELEMENTS (KOHA)
Koha item type Books
Holdings
Withdrawn status Lost status Damaged status Not for loan Collection code Permanent Location Current Location Shelving location Date acquired Total Checkouts Total Renewals Full call number Barcode Date last seen Date checked out Price effective from Koha item type
        Bio Sciences MAJU MAJU Shelf No.A37 2019-07-23 3 1 620.8 8058 2024-03-20 2023-09-01 2019-07-23 Bio Science

Powered by Koha